LEADER 00994cam0-2200349---450- 001 990004045740403321 005 20150202154817.0 010 $a88-06-05423-6 035 $a000404574 035 $aFED01000404574 035 $a(Aleph)000404574FED01 035 $a000404574 100 $a19990604d1982----km-y0itay50------ba 101 0 $aita 102 $aIT 105 $aa-------001yy 200 1 $a<>mio Morandi$eun saggio e cinquantotto lettere$fLuigi Magnani 210 $aTorino$cGiulio Einaudi editore$d1982 215 $a132 p., [13] p. di tav.$cill.$d21 cm 225 1 $aSaggi$v646 610 0 $aMorandi, Giorgio 676 $a759.5 700 1$aMagnani,$bLuigi$0154780 702 1$aMorandi,$bGiorgio$f<1890-1964> 801 0$aIT$bUNINA$gRICA$2UNIMARC 901 $aBK 912 $a990004045740403321 952 $a759.5 MORA 5$bD.D.S.2067$fFLFBC 952 $a759.5 MORA 5 BIS$b63041 Bibl.$fFLFBC 959 $aFLFBC 996 $aMio Morandi$9468868 997 $aUNINA LEADER 01309nam 2200421 450 001 9910811108103321 005 20230817192425.0 010 $a1-78450-911-6 035 $a(CKB)4100000007925483 035 $a(MiAaPQ)EBC5748454 035 $a(EXLCZ)994100000007925483 100 $a20190423d2019 uy 0 101 0 $aeng 135 $aurcnu|||||||| 181 $ctxt$2rdacontent 182 $cc$2rdamedia 183 $acr$2rdacarrier 200 10$aAssessment for dyslexia and learning differences $ea concise guide for teachers and parents /$fGavin Reid and Jennie Guise 210 1$aLondon, England ;$aPhiladelphia, Pennsylvania :$cJessica Kingsley Publishers,$d[2019] 210 4$dİ2019 215 $a1 online resource (138 pages) 311 $a1-78592-522-9 606 $aDyslexia 606 $aReading disability$xDiagnosis 606 $aReading$xAbility testing 615 0$aDyslexia. 615 0$aReading disability$xDiagnosis. 615 0$aReading$xAbility testing. 676 $a371.9144 700 $aReid$b Gavin$f1950-$0119992 702 $aGuise$b Jennie 801 0$bMiAaPQ 801 1$bMiAaPQ 801 2$bMiAaPQ 906 $aBOOK 912 $a9910811108103321 996 $aAssessment for dyslexia and learning differences$94020835 997 $aUNINA LEADER 02081oas 2200721 a 450 001 9910333119703321 005 20250920213016.0 035 $a(DE-599)ZDB2648283-6 035 $a(DE-599)2648283-6 035 $a(OCoLC)774973032 035 $a(CONSER) 2012243093 035 $a(CKB)3230000000019187 035 $a(EXLCZ)993230000000019187 100 $a20110906a20129999 uy 101 0 $aeng 135 $aur||||||||||| 181 $ctxt$2rdacontent 182 $cc$2rdamedia 183 $acr$2rdacarrier 200 00$aDiagnostic and interventional imaging 210 $aParis $cElsevier Masson 300 $aRefereed/Peer-reviewed 311 08$a2211-5684 531 10$aDiagn Interv Imaging 606 $aDiagnostic imaging$vPeriodicals 606 $aInterventional radiology$vPeriodicals 606 $aDiagnostic Imaging 606 $aRadiography, Interventional 606 $aImagerie pour le diagnostic$vPe?riodiques 606 $aRadiologie interventionnelle$vPe?riodiques 606 $aDiagnostic imaging$2fast$3(OCoLC)fst00892354 606 $aInterventional radiology$2fast$3(OCoLC)fst00977590 608 $aPeriodical. 608 $aPeriodicals.$2fast 615 0$aDiagnostic imaging 615 0$aInterventional radiology 615 12$aDiagnostic Imaging. 615 22$aRadiography, Interventional. 615 6$aImagerie pour le diagnostic 615 6$aRadiologie interventionnelle 615 7$aDiagnostic imaging. 615 7$aInterventional radiology. 676 $a616.07/54 712 02$aSocie?te? franc?aise de radiologie. 712 02$aColle?ge des enseignants en radiologie de France. 801 0$bNLM 801 1$bNLM 801 2$bBUF 801 2$bOPELS 801 2$bOCLCF 801 2$bOCLCQ 801 2$bOCLCO 801 2$bOCLCA 801 2$bFQM 801 2$bOCLCA 801 2$bW2U 801 2$bBWN 801 2$bUEJ 801 2$bOCLCL 906 $aJOURNAL 912 $a9910333119703321 996 $aDiagnostic and interventional imaging$91894873 997 $aUNINA